00387nam a2200169Ia 4500008004100000020001800041245002600059245001600085260001500101260001600116260000900132300001400141300002500155300001000180500000800190999001900198170705s9999 xx 000 0 und d a9780590130660 4aThe grouchy ladybug / cEric Carle. aNew York : bScholastic, c1977 aunpaged : bcolor illustration ; c26cm. a560 c336927d336927